000 00587nam a2200217Ia 4500
003 OSt
005 20220928145336.0
006 a|||||r|||| 00| 0
007 ta
008 220927b |||||||| |||| 00| 0 eng d
024 _a80359
037 _cTextual
040 _aSDCL
_cSDCL
_beng
041 _2eng
_aeng
082 _aR3xC, L3.2
100 _aChroust Anton-Hermann
_9512743
245 0 _aAristootle
_b New light on his life and on some of his lost works.2V
260 _c1973
942 _hR3xC, L3.2
_cTEXL
_2CC
999 _c833393
_d833393